[Event "Vezerkepzo GM March 2022"]
[Site "Budapest"]
[Date "2022.03.26"]
[Round "9.5"]
[White "Pranav Anand"]
[Black "Prraneeth Vuppala"]
[Result "1-0"]
[WhiteElo "2436"]
[BlackElo "2400"]
[Annotator "TA"]
[PlyCount "77"]
[EventDate "2022.03.17"]
[EventType "tourn"]
[EventCountry "HUN"]
[SourceTitle "playchess.com"]
[Source "ChessBase"]
[SourceQuality "1"]

{[%evp 18,77,-2,7,0,0,0,0,0,0,0,0,0,1,12,0,0,0,0,0,0,0,3,5,22,18,28,19,93,91,100,95,111,75,113,101,343,354,369,364,312,313,548,539,1052,1039,1037,997,1170,1131,1197,1180,1208,1197,1176,1155,29980,29980,29991,29992,29992,1542]} 1. d4 d5 2. c4 e6 3. Nf3 a6 4. g3 dxc4 5. Bg2 Nc6 {[%cal Bb8c6,Bc6b4,Bb4d3][%mdl 32]} 6. O-O Rb8 7. e4 Nf6 8. Nc3 Be7 9. d5 exd5 10. exd5 Nb4 {[%cal Rb4d5] E04: Open Catalan: 5 Nf3.} 11. Ne5 Bf5 12. Nxc4 {is now debated instead of 12.a3.} O-O {The position is equal.} 13. a3 Nd3 {[%cal Oc7c6]} 14. Be3 Re8 15. b4 Qd7 16. h3 {[#]} h5 $146 ({Predecessor:} 16... c5 17. g4 Bg6 18. f4 b5 19. Ne5 Nxe5 20. fxe5 cxb4 21. axb4 Bxb4 22. Bd4 Bxc3 23. Bxc3 {½-½ (48) Sukhachev,M (2200)-Kolpak,S (2200) ICCF email 2010}) 17. Ra2 Bd6 18. Bd4 Ne5 $1 19. Nxd6 cxd6 20. Kh2 Bd3 21. Re1 {[%cal Bf1e1,Be1e4,Be4f4,Bf4h4,Bh4h5,Bh5g5][%mdl 32]} Qf5 {[%cal Oh5h4]} 22. Rd2 Bc4 (22... Rbc8 $11 {remains equal.}) 23. Ne4 $16 Nxe4 24. Rxe4 {aiming for Bxe5.} ({Stronger than} 24. Bxe4 Nf3+ $1 25. Bxf3 Rxe1 26. Qxe1 Qxf3 $15) 24... b5 (24... Bxd5 $2 25. Rf4 Qe6 26. Bxd5 Qxd5 27. Ba7 $18 (27. Qxh5 Qb3 $14)) 25. Rf4 Qh7 {[#]} 26. Rh4 $1 $36 {[%mdl 2048] And now f4 would win. White is really pushing.} g6 $2 {Black cannot hold the game after this.} (26... f6 $16) 27. f4 $18 Nd7 28. Bf3 {A strong pair of Bishops.} f5 29. Bxh5 gxh5 (29... Qf7 {is a better defense.} 30. Bf3 Kf8) 30. Rxh5 Be2 31. Rg5+ Kf8 32. Rxe2 Rxe2+ 33. Qxe2 {White wants to mate with Bg7+.} Re8 34. Qc2 Re4 35. Qc8+ Re8 36. Bg7+ Ke7 37. Qc7 {White mates.} Rg8 {[#]} 38. Bf6+ $1 {[%mdl 512]} Kxf6 39. Qxd6+ {Weighted Error Value: White=0.02 (flawless) /Black=0.67} 1-0